000 00957nas a2200301 4500
001 BR2014005125
003 BR-BrBNA
005 20231205124400.0
007 ta
008 230509b bl.|||p| |||| 00| 00por d
040 _aBR-BrBNA
_bpor
_cBiblioteca Nacional de Agricultura
041 _a(En)
072 _aL02
100 1 _aPedroso, A.A.
100 1 _aMenten, J.F.M.
100 1 _aRacanicci, A.M.C.
100 1 _alongo, F.A.
100 1 _aSorbara, J.O.B.
100 1 _aGaiotto, J.B.
245 1 _aPerformance and organ morphology of broilers fed microbial or antimicrobial additives and raised in baterries or floor pens
650 _aANTIBIÓTICO
650 _aFRANGO DE CORTE
650 _aMORFOLOGIA ANIMAL
650 _aPERFORMANCE
773 0 _tBrazilian Journal of Poultry Science (Brazil)
_xISSN 1516-635X
_g(May- Aug 2003), v. 5(2) p. 111-117
_wBR2014005125
909 _a202311
_bLúcia
_c55
_dLúcia Elande
942 _2AGRIS
_n0
_cANA
999 _c238789
_d238789